000 003140000a22000970004500
100 1 _aPretiz, Paul E.
245 1 0 _aLaughter, applause and tears : Jorge Porcel, argentine comic, turns to Christ
300 _aVol. 78, Num. 3 (Julio-Septiembre,1988), Páginas 16-17
773 0 _tLatin America Evangelist
942 _cANA
999 _c55135
_d55135